LEADER 00768nam0-22002771i-450- 001 990004001590403321 005 20040220120842.0 010 $a0-07-011364-5 035 $a000400159 035 $aFED01000400159 035 $a(Aleph)000400159FED01 035 $a000400159 100 $a20040220d1997----km-y0itay50------ba 101 0 $aeng 200 1 $aSurface water quality modeling$fSteven C. Chapra 210 $aNew York$cMcGraw-Hill$d1997 215 $aXIX,844 p.$d25 cm 610 0 $aQualità acque potabili 700 1$aChapra,$bSteven C.$09744 801 0$aIT$bUNINA$gRICA$2UNIMARC 901 $aBK 912 $a990004001590403321 952 $a15 M/1-31$bn.1033$fDINID 959 $aDINID 996 $aSurface water-quality modeling$947418 997 $aUNINA LEADER 00913nam2-22003011i-450- 001 990000169270403321 035 $a000016927 035 $aFED01000016927 035 $a(Aleph)000016927FED01 035 $a000016927 100 $a20011111d--------km-y0itay50------ba 101 0 $aita 105 $ay-------001yy 200 1 $a4. : Epoca seconda : da F.F. Lippi aRaffaello. 342, [5] p., 77 tav. : ill. 210 $aPisa$cPresso N. Capurro$d1843- 215 $av.$d22 cm 461 0$1001000012601$12001$aStoria della pittura italiana 610 0 $aPittura$aStoria$aSec. 16. 676 $a759.03 700 1$aRosini,$bGiovanni$08223 801 0$aIT$bUNINA$gRICA$2UNIMARC 901 $aBK 912 $a990000169270403321 952 $a13 AR 1 B 25$b8675$fFINBC 959 $aFINBC 996 $a4. : Epoca seconda : da F.F. Lippi aRaffaello. 342, p., 77 tav. : ill$9121221 997 $aUNINA DB $aING01